004350000a2200133000450024500900000065000220009065000270011265000130013965300270015204100140017970000390019310000300023277300390026210aDinámica estacional del banco de frutos del Teocintle Zea diploperennis (Gramineae)14aBanco de semillas14aDinámica poblacional14aSemillas gZeaeZea diploperennis0 aEspañol1 aSánchez Velásquez, Lázaro R.1 aLorente Adame, Rogelia G.1 tBiotrópicah2q267-272d1996g28